The other tongue : english across cultures / (Record no. 578)

000 -LEADER
fixed length control field 01211pam a2200313 a 4500
001 - CONTROL NUMBER
control field 2960021
003 - CONTROL NUMBER IDENTIFIER
control field OSt
005 - DATE AND TIME OF LATEST TRANSACTION
control field 20140116120832.0
008 - FIXED-LENGTH DATA ELEMENTS--GENERAL INFORMATION
fixed length control field 910501s1992 ilu b s001 0 eng
010 ## - LIBRARY OF CONGRESS CONTROL NUMBER
LC control number 91019287
020 ## - INTERNATIONAL STANDARD BOOK NUMBER
International Standard Book Number 9780252062001
040 ## - CATALOGING SOURCE
Transcribing agency DLC
Modifying agency DLC
050 00 - LIBRARY OF CONGRESS CALL NUMBER
Classification number PE2751.O83 1992
245 04 - TITLE STATEMENT
Title The other tongue : english across cultures /
Statement of responsibility, etc edited by Braj B. Kachru.
250 ## - EDITION STATEMENT
Edition statement 2nd ed.
260 ## - PUBLICATION, DISTRIBUTION, ETC. (IMPRINT)
Place of publication, distribution, etc Urbana :
Name of publisher, distributor, etc University of Illinois Press,
Date of publication, distribution, etc 1992.
300 ## - PHYSICAL DESCRIPTION
Extent xxv, 384 p.
440 #0 - SERIES STATEMENT/ADDED ENTRY--TITLE
Title English in the global context
504 ## - BIBLIOGRAPHY, ETC. NOTE
Bibliography, etc Includes bibliographical references and index.
505 ## - FORMATTED CONTENTS NOTE
Formatted contents note English in the global context -- Nativization-- Contact and change-- Literary creativity in other tongue-- Discoursal strategies-- World englishes in the classroom
650 #0 - SUBJECT ADDED ENTRY--TOPICAL TERM
Topical term or geographic name as entry element English language
General subdivision Social aspects
Geographic subdivision Foreign countries.
650 #0 - SUBJECT ADDED ENTRY--TOPICAL TERM
Topical term or geographic name as entry element English language
Geographic subdivision Foreign countries.
650 #0 - SUBJECT ADDED ENTRY--TOPICAL TERM
Topical term or geographic name as entry element Intercultural communication.
650 #0 - SUBJECT ADDED ENTRY--TOPICAL TERM
Topical term or geographic name as entry element Language, Universal.
700 1# - ADDED ENTRY--PERSONAL NAME
Personal name Kachru, Braj B.
906 ## - LOCAL DATA ELEMENT F, LDF (RLIN)
a 7
b cbc
c orignew
d 1
e ocip
f 19
g y-gencatlg
942 ## - ADDED ENTRY ELEMENTS (KOHA)
Source of classification or shelving scheme
Koha item type Book
Holdings
Withdrawn status Lost status Source of classification or shelving scheme Damaged status Not for loan Home library Current library Date acquired Source of acquisition Total Checkouts Full call number Barcode Date last seen Copy number Price effective from Koha item type
          Riara University Library Riara University Library 24/10/2011 Purchase   PE2751.O83 1992 2310/11 24/10/2011 C.1 24/10/2011 Book
          Riara University Library Riara University Library 24/10/2011 Purchase   PE2751.O83 1992 2312/11 24/10/2011 C.2 24/10/2011 Book
          Riara University Library Riara University Library 24/10/2011 Purchase   PE2751.O83 1992 2311/11 24/10/2011 C.3 24/10/2011 Book

Riara University Library,
P.O. Box 49940-00100,
Nairobi, Kenya.